|
|
|
|
| LEADER |
00000cam a22000004a 4500 |
| 001 |
musev2_61822 |
| 003 |
MdBmJHUP |
| 005 |
20230905050355.0 |
| 006 |
m o d |
| 007 |
cr||||||||nn|n |
| 008 |
180404t20182018nyu o 00 0 eng d |
| 010 |
|
|
|z 2018016468
|
| 020 |
|
|
|a 9781501715068
|
| 020 |
|
|
|z 9781501715044
|
| 020 |
|
|
|z 9781501715051
|
| 035 |
|
|
|a (OCoLC)1031040505
|
| 040 |
|
|
|a MdBmJHUP
|c MdBmJHUP
|
| 100 |
1 |
|
|a Jesty, Justin,
|d 1974-
|e author.
|
| 245 |
1 |
0 |
|a Art and Engagement in Early Postwar Japan /
|c Justin Jesty.
|
| 264 |
|
1 |
|a Ithaca :
|b Cornell University Press,
|c 2018.
|
| 264 |
|
3 |
|a Baltimore, Md. :
|b Project MUSE,
|c 2018
|
| 264 |
|
4 |
|c ©2018.
|
| 300 |
|
|
|a 1 online resource (336 pages).
|
| 336 |
|
|
|a text
|b txt
|2 rdacontent
|
| 337 |
|
|
|a computer
|b c
|2 rdamedia
|
| 338 |
|
|
|a online resource
|b cr
|2 rdacarrier
|
| 505 |
0 |
|
|a Participatory culture and democratic culture -- Art and engagement -- The tales of the tale of Akebono Village -- The social work of documentary and reportage art as movement -- Avant-garde realism -- Katsuragawa Hiroshi, Ikeda Tatsuo, and Nakamura Hiroshi -- Touching down at the Sōbi seminar -- Sōbi as organization and movement -- Sōbi's philosophy and pedagogy -- Hani Susumu and the creativity of the camera -- The grand meeting of heroes -- Kyushu-ha : between three worlds -- Kyushu-ha's art -- A cruel story of anti-art -- Epilogue : hope in the past and the future.
|
| 520 |
|
|
|a "A cultural history of the relationship between art and politics in Japan, 1945-1960. Highlights the transformational nature of the early postwar period against the relative stasis, consolidation, and homogenization of the 1960s. Provides insight into the present by focusing on a period similarly characterized by decentralization and de-professionalization of culture and expansion of conceptions of what art is and who should be doing it"--
|c Provided by publisher.
|
| 588 |
|
|
|a Description based on print version record.
|
| 650 |
|
7 |
|a Art
|x Political aspects.
|2 fast
|0 (OCoLC)fst00815309
|
| 650 |
|
7 |
|a Art, Japanese.
|2 fast
|0 (OCoLC)fst00816467
|
| 650 |
|
7 |
|a Art and social action.
|2 fast
|0 (OCoLC)fst01742274
|
| 650 |
|
7 |
|a ART
|x General.
|2 bisacsh
|
| 650 |
|
6 |
|a Art japonais
|y 20e siecle.
|
| 650 |
|
6 |
|a Art et action sociale
|z Japon
|x Histoire
|y 20e siecle.
|
| 650 |
|
6 |
|a Art
|x Aspect politique
|z Japon
|x Histoire
|y 20e siecle.
|
| 650 |
|
0 |
|a Art, Japanese
|y 20th century.
|
| 650 |
|
0 |
|a Art and social action
|z Japan
|x History
|y 20th century.
|
| 650 |
|
0 |
|a Art
|x Political aspects
|z Japan
|x History
|y 20th century.
|
| 651 |
|
7 |
|a Japan.
|2 fast
|0 (OCoLC)fst01204082
|
| 655 |
|
7 |
|a History.
|2 fast
|0 (OCoLC)fst01411628
|
| 655 |
|
7 |
|a Electronic books.
|2 local
|
| 710 |
2 |
|
|a Project Muse.
|e distributor
|
| 830 |
|
0 |
|a Book collections on Project MUSE.
|
| 856 |
4 |
0 |
|z Texto completo
|u https://projectmuse.uam.elogim.com/book/61822/
|
| 945 |
|
|
|a Project MUSE - Custom Collection
|
| 945 |
|
|
|a Project MUSE - 2018 Complete
|
| 945 |
|
|
|a Project MUSE - 2018 History
|
| 945 |
|
|
|a Project MUSE - 2018 Asian and Pacific Studies
|